Sepelio del Marqués de Olérdola
Publicado:
San Jorge, núm. 82 (2n trimestre 1971), pàg. 60 :
MARC
| LEADER | 00000nam a2200000Ia 4500 | ||
|---|---|---|---|
| 001 | |||
| 008 | 160829s9999 xx 000 0 cat d | ||
| 245 | |a Sepelio del Marqués de Olérdola | ||
| 260 | |a San Jorge, núm. 82 (2n trimestre 1971), pàg. 60 | ||
| 650 | |a Rius y Rius, Manuel |9 22659 | ||
| 650 | 0 | |a Missa de difunts |9 21304 | |
| 901 | |a Arxiu | ||
| 942 | |n 1 | ||
| 952 | |0 0 |1 0 |4 0 |7 1 |9 42277 |a Arxiu |b Arxiu |d 2016-12-01 |l 0 |r 2016-12-01 00:00:00 |w 2016-12-01 |y ARXIU | ||
| 999 | |c 44755 |d 44755 | ||